<?xml version="1.0" encoding="UTF-8"?>
<record
    xmlns:xsi="http://www.w3.org/2001/XMLSchema-instance"
    xsi:schemaLocation="http://www.loc.gov/MARC21/slim http://www.loc.gov/standards/marcxml/schema/MARC21slim.xsd"
    xmlns="http://www.loc.gov/MARC21/slim">

  <leader>00435    a2200157   4500</leader>
  <controlfield tag="005">20250819075306.0</controlfield>
  <datafield tag="020" ind1=" " ind2=" ">
    <subfield code="a">978-1-292-33009-9</subfield>
  </datafield>
  <datafield tag="082" ind1=" " ind2=" ">
    <subfield code="a"> 651.7 BOV</subfield>
  </datafield>
  <datafield tag="100" ind1=" " ind2=" ">
    <subfield code="a">BOVEE, C.</subfield>
  </datafield>
  <datafield tag="245" ind1=" " ind2=" ">
    <subfield code="a">Business communication essentials: fundamental skills for the mobile-digital-social workplace</subfield>
  </datafield>
  <datafield tag="250" ind1=" " ind2=" ">
    <subfield code="a">8th ed</subfield>
  </datafield>
  <datafield tag="260" ind1=" " ind2=" ">
    <subfield code="a">London</subfield>
    <subfield code="b">Pearson</subfield>
    <subfield code="c">2020</subfield>
  </datafield>
  <datafield tag="300" ind1=" " ind2=" ">
    <subfield code="a">544p.: ill</subfield>
    <subfield code="b">Index</subfield>
    <subfield code="c">27cm</subfield>
  </datafield>
  <datafield tag="700" ind1=" " ind2=" ">
    <subfield code="a">John V. Thill</subfield>
  </datafield>
  <datafield tag="942" ind1=" " ind2=" ">
    <subfield code="2">ddc</subfield>
    <subfield code="c">BKS</subfield>
  </datafield>
  <datafield tag="999" ind1=" " ind2=" ">
    <subfield code="c">6773</subfield>
    <subfield code="d">6773</subfield>
  </datafield>
  <datafield tag="952" ind1=" " ind2=" ">
    <subfield code="r">2025-08-18 10:39:02</subfield>
    <subfield code="l">0</subfield>
    <subfield code="o">651.7 BOV</subfield>
    <subfield code="p">MZA0003853</subfield>
    <subfield code="v">594332.00</subfield>
    <subfield code="w">2025-08-18</subfield>
    <subfield code="y">BKS</subfield>
    <subfield code="1">0</subfield>
    <subfield code="2">ddc</subfield>
    <subfield code="4">0</subfield>
    <subfield code="7">0</subfield>
    <subfield code="0">0</subfield>
    <subfield code="a">003</subfield>
    <subfield code="b">003</subfield>
    <subfield code="c">GEN</subfield>
    <subfield code="d">2025-08-14</subfield>
    <subfield code="e">Library Budget</subfield>
    <subfield code="g">198332.00</subfield>
  </datafield>
  <datafield tag="952" ind1=" " ind2=" ">
    <subfield code="r">2025-08-18 10:39:02</subfield>
    <subfield code="l">0</subfield>
    <subfield code="o">651.7 BOV</subfield>
    <subfield code="p">MZA0003854</subfield>
    <subfield code="v">594332.00</subfield>
    <subfield code="w">2025-08-18</subfield>
    <subfield code="y">BKS</subfield>
    <subfield code="1">0</subfield>
    <subfield code="2">ddc</subfield>
    <subfield code="4">0</subfield>
    <subfield code="7">0</subfield>
    <subfield code="0">0</subfield>
    <subfield code="a">003</subfield>
    <subfield code="b">003</subfield>
    <subfield code="c">GEN</subfield>
    <subfield code="d">2025-08-14</subfield>
    <subfield code="e">Library Budget</subfield>
    <subfield code="g">198332.00</subfield>
  </datafield>
  <datafield tag="952" ind1=" " ind2=" ">
    <subfield code="r">2025-08-18 10:39:02</subfield>
    <subfield code="l">0</subfield>
    <subfield code="o">651.7 BOV</subfield>
    <subfield code="p">MZA0003855</subfield>
    <subfield code="v">594332.00</subfield>
    <subfield code="w">2025-08-18</subfield>
    <subfield code="y">BKS</subfield>
    <subfield code="1">0</subfield>
    <subfield code="2">ddc</subfield>
    <subfield code="4">0</subfield>
    <subfield code="7">0</subfield>
    <subfield code="0">0</subfield>
    <subfield code="a">003</subfield>
    <subfield code="b">003</subfield>
    <subfield code="c">GEN</subfield>
    <subfield code="d">2025-08-14</subfield>
    <subfield code="e">Library Budget</subfield>
    <subfield code="g">198332.00</subfield>
  </datafield>
  <datafield tag="952" ind1=" " ind2=" ">
    <subfield code="r">2025-08-18 10:39:02</subfield>
    <subfield code="l">0</subfield>
    <subfield code="o">651.7 BOV</subfield>
    <subfield code="p">MZA0003856</subfield>
    <subfield code="v">594332.00</subfield>
    <subfield code="w">2025-08-18</subfield>
    <subfield code="y">BKS</subfield>
    <subfield code="1">0</subfield>
    <subfield code="2">ddc</subfield>
    <subfield code="4">0</subfield>
    <subfield code="7">0</subfield>
    <subfield code="0">0</subfield>
    <subfield code="a">003</subfield>
    <subfield code="b">003</subfield>
    <subfield code="c">GEN</subfield>
    <subfield code="d">2025-08-14</subfield>
    <subfield code="e">Library Budget</subfield>
    <subfield code="g">198332.00</subfield>
  </datafield>
  <datafield tag="952" ind1=" " ind2=" ">
    <subfield code="r">2025-08-18 10:39:02</subfield>
    <subfield code="l">0</subfield>
    <subfield code="o">651.7 BOV</subfield>
    <subfield code="p">MZA0003857</subfield>
    <subfield code="v">594332.00</subfield>
    <subfield code="w">2025-08-18</subfield>
    <subfield code="y">BKS</subfield>
    <subfield code="1">0</subfield>
    <subfield code="2">ddc</subfield>
    <subfield code="4">0</subfield>
    <subfield code="7">0</subfield>
    <subfield code="0">0</subfield>
    <subfield code="a">003</subfield>
    <subfield code="b">003</subfield>
    <subfield code="c">GEN</subfield>
    <subfield code="d">2025-08-14</subfield>
    <subfield code="e">Library Budget</subfield>
    <subfield code="g">198332.00</subfield>
  </datafield>
  <datafield tag="952" ind1=" " ind2=" ">
    <subfield code="r">2025-08-18 10:39:02</subfield>
    <subfield code="l">0</subfield>
    <subfield code="o">651.7 BOV</subfield>
    <subfield code="p">MZA0003858</subfield>
    <subfield code="v">594332.00</subfield>
    <subfield code="w">2025-08-18</subfield>
    <subfield code="y">BKS</subfield>
    <subfield code="1">0</subfield>
    <subfield code="2">ddc</subfield>
    <subfield code="4">0</subfield>
    <subfield code="7">0</subfield>
    <subfield code="0">0</subfield>
    <subfield code="a">003</subfield>
    <subfield code="b">003</subfield>
    <subfield code="c">GEN</subfield>
    <subfield code="d">2025-08-14</subfield>
    <subfield code="e">Library Budget</subfield>
    <subfield code="g">198332.00</subfield>
  </datafield>
  <datafield tag="952" ind1=" " ind2=" ">
    <subfield code="r">2025-08-18 10:39:02</subfield>
    <subfield code="l">0</subfield>
    <subfield code="o">651.7 BOV</subfield>
    <subfield code="p">MZA0003859</subfield>
    <subfield code="v">594332.00</subfield>
    <subfield code="w">2025-08-18</subfield>
    <subfield code="y">BKS</subfield>
    <subfield code="1">0</subfield>
    <subfield code="2">ddc</subfield>
    <subfield code="4">0</subfield>
    <subfield code="7">0</subfield>
    <subfield code="0">0</subfield>
    <subfield code="a">003</subfield>
    <subfield code="b">003</subfield>
    <subfield code="c">GEN</subfield>
    <subfield code="d">2025-08-14</subfield>
    <subfield code="e">Library Budget</subfield>
    <subfield code="g">198332.00</subfield>
  </datafield>
</record>
